| 000 | 00546nam a22001577a 4500 | ||
|---|---|---|---|
| 003 | OSt | ||
| 005 | 20150908131737.0 | ||
| 008 | 150908b xxu||||| |||| 00| 0 eng d | ||
| 040 | _cRUA | ||
| 082 | _aAGR សយ 1992 B005 Or.1 | ||
| 100 |
_9149 _aសយ បញ្ញា |
||
| 245 | _aឥទ្ធិពលនៃដំណាំជីស្រស់ទៅលើស្រូវដីអាស៊ីតក្នុងលក្ខខ័ណ្ឌកម្ពុជា | ||
| 260 |
_aPhnom Penh _bRUA _c1992 |
||
| 300 |
_a88p. _bill. _c29cm. |
||
| 942 |
_2ddc _cAGR |
||
| 999 |
_c130 _d130 |
||